El grito manso

Saved in:
Bibliografiske detaljer
Hovedforfatter: Freire, Paulo (autor)
Format: Bog
Sprog:spansk
Udgivet: Buenos Aires Siglo Veintiuno Editores 2008
Udgivelse:2a. ed
Serier:Biblioteca Clásica de Siglo Veintiuno
Fag:
Tags: Tilføj Tag
Ingen Tags, Vær først til at tagge denne postø!

MARC

LEADER 00000cam a2200000 a 4500
001 UCE9606
003 CL-VaPUC
008 151029e20080000ag |||||||||||||||||spa|d
020 |a 9789876290340 
082 0 4 |a 370.1  |b FRE  |2 21 
100 |a Freire, Paulo  |e autor  |9 352356 
245 1 3 |a El grito manso 
250 |a 2a. ed 
300 |a 112 p 
942 |c BK 
945 |d 20151029 22:28:00  |a dcastane 
260 |a Buenos Aires  |b Siglo Veintiuno Editores  |c 2008 
650 0 |a Filosofía de la educación   |9 258384 
650 0 |a Teoría de la educación   |9 309368 
583 |a last modification  |c 20151029 22:28:00  |k Rodrigo Vera 
490 0 |a Biblioteca Clásica de Siglo Veintiuno 
999 |c 361266  |d 361264 
952 |0 0  |1 0  |3 erb  |4 0  |6 370_100000000000000_FRE_2008  |7 0  |8 A  |9 471681  |a BIBMAT  |b BIBMAT  |c E_DIDACT  |i 5246407  |l 2  |o 370.1 FRE 2008  |p 5246407  |r 2025-01-07  |s 2020-10-23  |w 2019-11-24  |y BK  |z Catalogado en:20151029  |k MAT